[Event "19. Wch 2009 Veteranos"]
[Site "Condino ITA"]
[Date "2009.11.02"]
[Round "6.17"]
[White "Rosino, Antonio"]
[Black "Kernazhitsky, Leonid"]
[Result "1/2-1/2"]
[WhiteElo "2229"]
[BlackElo "2327"]
[PlyCount "99"]
[EventDate "2009.10.27"]
[EventType "swiss"]
[EventRounds "11"]
[EventCountry "ITA"]
[Source "lmi"]
[SourceDate "2009.10.27"]

1. e4 c5 2. Nf3 Nc6 3. c3 Nf6 4. e5 Nd5 5. d4 cxd4 6. cxd4 d6 7. Bc4 Nb6 8. Bb5
Bd7 9. exd6 e6 10. Bg5 f6 11. Bf4 Nd5 12. Bd2 Bxd6 13. Nc3 Nce7 14. Bc4 O-O 15.
Ne4 Qb6 16. O-O Rac8 17. Qb3 Rxc4 18. Qxc4 Bb5 19. Qb3 Bxf1 20. Qxb6 axb6 21.
Kxf1 Bb8 22. Rc1 Rc8 23. Rxc8+ Nxc8 24. Ke2 Kf7 25. g3 Ke7 26. Ne1 Kd7 27. Nc3
Nce7 28. Nxd5 Nxd5 29. Nc2 Bd6 30. Ne3 Kc6 31. a4 Nxe3 32. Kxe3 b5 33. b3 bxa4
34. bxa4 Kd5 35. Kd3 Bc7 36. f3 h5 37. Be1 g5 38. h3 Bb6 39. Bc3 Bc7 40. g4 h4
41. Bb4 Bd8 42. Bd2 Be7 43. Ba5 f5 44. Bc3 Bf6 45. Bb2 fxg4 46. fxg4 Be7 47.
Bc1 Bf6 48. Be3 Be7 49. Bd2 Bf6 50. Be3 1/2-1/2

[Event "19. Wch 2009 Veteranos"]
[Site "Condino ITA"]
[Date "2009.11.02"]
[Round "6.19"]
[White "Wahlbom, Magnus"]
[Black "Sawadkuhi, Massoud Amir"]
[Result "1-0"]
[WhiteElo "2318"]
[BlackElo "2228"]
[PlyCount "119"]
[EventDate "2009.10.27"]
[EventType "swiss"]
[EventRounds "11"]
[EventCountry "ITA"]
[Source "lmi"]
[SourceDate "2009.10.27"]

1. e4 e6 2. d4 d5 3. Nd2 Nf6 4. e5 Nfd7 5. Bd3 c5 6. c3 Nc6 7. Ne2 cxd4 8. cxd4
f6 9. exf6 Nxf6 10. Nf3 Bd6 11. O-O Qc7 12. Nc3 a6 13. Re1 O-O 14. Be3 Bd7 15.
Rc1 Rae8 16. h3 Kh8 17. Bb1 Re7 18. Ne5 Be8 19. f4 Qd8 20. Rf1 g6 21. Qd2 Bb4
22. a3 Bxc3 23. Qxc3 Nh5 24. Rf3 Nxe5 25. dxe5 d4 26. Qxd4 Qxd4 27. Bxd4 Rxf4
28. Rd3 Bb5 29. Rd2 Ref7 30. Kh2 Bc6 31. Be3 Rf1 32. Rxf1 Rxf1 33. Ba2 Ng7 34.
Rd8+ Ne8 35. Bxe6 Re1 36. Bf2 Re2 37. Kg1 Kg7 38. Bd7 Bxd7 39. Rxd7+ Kh6 40.
Re7 Ng7 41. Rxb7 Ne6 42. Rb6 Ng5 43. Kf1 Rxe5 44. Rxa6 Ne4 45. Kg1 Kg5 46. b4
Kf4 47. Ra5 Re7 48. Rd5 Rc7 49. g3+ Nxg3 50. Bxg3+ Kxg3 51. Rd3+ Kh4 52. Rb3
Rc1+ 53. Kf2 Rc2+ 54. Ke1 g5 55. b5 h5 56. b6 Rc8 57. b7 Rb8 58. a4 g4 59. hxg4
hxg4 60. Kf1 1-0

[Event "19. Wch 2009 Veteranos"]
[Site "Condino ITA"]
[Date "2009.11.02"]
[Round "6.20"]
[White "Sloth, Jorn"]
[Black "Hohler, Peter"]
[Result "1/2-1/2"]
[WhiteElo "2312"]
[BlackElo "2200"]
[PlyCount "167"]
[EventDate "2009.10.27"]
[EventType "swiss"]
[EventRounds "11"]
[EventCountry "ITA"]
[Source "lmi"]
[SourceDate "2009.10.27"]

1. d4 Nf6 2. c4 e6 3. g3 Bb4+ 4. Bd2 Bxd2+ 5. Qxd2 O-O 6. Bg2 d6 7. Nc3 Nbd7 8.
Nf3 c6 9. O-O Rb8 10. Rfd1 b5 11. c5 b4 12. Na4 Qa5 13. Qc2 d5 14. Nd2 e5 15.
e4 exd4 16. exd5 d3 17. Qb3 cxd5 18. Nf3 Ba6 19. a3 Bc4 20. axb4 Rxb4 21. Qc3
Ne4 22. Qe1 Ndxc5 23. Nxc5 Qxc5 24. Ne5 Bb5 25. Nxd3 Bxd3 26. Rxd3 Rxb2 27. Qe3
Qxe3 28. fxe3 Rc8 29. Rf1 Nf6 30. Bxd5 Nxd5 31. Rxd5 Rb7 32. Ra1 g6 33. Ra2 Re8
34. Rda5 Ree7 35. Kf2 Kg7 36. Kf3 Rb3 37. Rxa7 Rbxe3+ 38. Kf2 Rxa7 39. Rxa7 Rb3
40. h4 h6 41. Ra6 Rd3 42. Rb6 Rd5 43. Ra6 Rf5+ 44. Kg2 Rf6 45. Ra7 Rb6 46. Ra4
Kf6 47. Rf4+ Ke7 48. Ra4 Rd6 49. Re4+ Re6 50. Ra4 f5 51. Ra5 Kf6 52. Rb5 g5 53.
hxg5+ hxg5 54. Ra5 Rb6 55. Kf2 Rb2+ 56. Kf1 Kg6 57. Kg1 Rb8 58. Kg2 Rb6 59. Kf2
Rf6 60. Rb5 Kh5 61. Kf3 Rf7 62. Ra5 Rb7 63. Rxf5 Rb3+ 64. Kf2 Kg4 65. Ra5 Rf3+
66. Kg2 Rxg3+ 67. Kh2 Re3 68. Kg2 Re2+ 69. Kg1 Kf4 70. Kf1 Rd2 71. Kg1 Kg4 72.
Ra4+ Kf3 73. Ra3+ Ke4 74. Ra4+ Kf3 75. Ra3+ Kg4 76. Ra4+ Kg3 77. Ra3+ Kh4 78.
Ra4+ g4 79. Ra3 Rc2 80. Rb3 Ra2 81. Rc3 Ra1+ 82. Kg2 Ra2+ 83. Kg1 g3 84. Rc8
1/2-1/2

[Event "19. Wch 2009 Veteranos"]
[Site "Condino ITA"]
[Date "2009.11.02"]
[Round "6.21"]
[White "Estrada, Martinez Cesar"]
[Black "Wittmann, Walter"]
[Result "1/2-1/2"]
[WhiteElo "2175"]
[BlackElo "2291"]
[PlyCount "32"]
[EventDate "2009.10.27"]
[EventType "swiss"]
[EventRounds "11"]
[EventCountry "ITA"]
[Source "lmi"]
[SourceDate "2009.10.27"]

1. c4 c5 2. Nf3 Nc6 3. Nc3 e5 4. e3 Nf6 5. d4 cxd4 6. exd4 e4 7. Ne5 Bd6 8. Bf4
Qe7 9. Nxc6 dxc6 10. Qd2 h6 11. Bxd6 Qxd6 12. Be2 Bf5 13. O-O O-O 14. Rad1 Rfe8
15. Qe3 a6 16. a3 Bg4 1/2-1/2

[Event "19. Wch 2009 Veteranos"]
[Site "Condino ITA"]
[Date "2009.11.02"]
[Round "6.22"]
[White "Taksrud, Vidar"]
[Black "Grinberg, Iosif P"]
[Result "0-1"]
[WhiteElo "2111"]
[BlackElo "2282"]
[PlyCount "70"]
[EventDate "2009.10.27"]
[EventType "swiss"]
[EventRounds "11"]
[EventCountry "ITA"]
[Source "lmi"]
[SourceDate "2009.10.27"]

1. d4 d5 2. Nf3 Nf6 3. c4 c6 4. Nc3 dxc4 5. e3 Bf5 6. Bxc4 e6 7. O-O Be7 8. Qe2
O-O 9. e4 Bg6 10. Rd1 Nbd7 11. d5 exd5 12. exd5 Re8 13. dxc6 bxc6 14. Qd2 Nb6
15. Ba6 Qb8 16. Qf4 Nfd5 17. Qxb8 Raxb8 18. Nxd5 Nxd5 19. Nd4 Nb4 20. Bf1 Bf6
21. a3 Bxd4 22. axb4 Rxb4 23. Ra6 Bb6 24. Rd6 Be4 25. Rd7 Bd5 26. h4 Rxh4 27.
Bd2 h6 28. Ra3 Rd4 29. Be3 Rd1 30. Rc3 Rb1 31. b4 Rxb4 32. Bd2 Rb1 33. g3 Be6
34. Rd6 Bh3 35. Kh2 Bxf1 0-1

[Event "19. Wch 2009 Veteranos"]
[Site "Condino ITA"]
[Date "2009.11.02"]
[Round "6.24"]
[White "Kaufman, Larry C"]
[Black "Stull, Norbert"]
[Result "1-0"]
[WhiteElo "2401"]
[BlackElo "2168"]
[PlyCount "71"]
[EventDate "2009.10.27"]
[EventType "swiss"]
[EventRounds "11"]
[EventCountry "ITA"]
[Source "lmi"]
[SourceDate "2009.10.27"]

1. d4 Nf6 2. c4 g6 3. Nc3 Bg7 4. e4 d6 5. Nf3 O-O 6. Be2 Bg4 7. Be3 Nfd7 8. Rc1
e5 9. d5 Bxf3 10. Bxf3 f5 11. O-O a5 12. a3 Na6 13. Rb1 Nac5 14. b4 axb4 15.
axb4 Nxe4 16. Bxe4 fxe4 17. Nxe4 Qh4 18. f3 Bh6 19. Bf2 Qe7 20. c5 Nf6 21. Bh4
Be3+ 22. Kh1 g5 23. Bxg5 Bxg5 24. Nxg5 Nh5 25. Ne6 Rf6 26. Ra1 Rxa1 27. Qxa1
Rh6 28. Qa8+ Kf7 29. Qh8 Ng3+ 30. Kg1 Ne2+ 31. Kf2 Qh4+ 32. Kxe2 Qc4+ 33. Kf2
Qh4+ 34. Ke3 Rxe6 35. dxe6+ Kxe6 36. Qc8+ 1-0

[Event "19. Wch 2009 Veteranos"]
[Site "Condino ITA"]
[Date "2009.11.02"]
[Round "6.25"]
[White "Nordstrom, Felix"]
[Black "Arkhangelsky, Boris"]
[Result "1/2-1/2"]
[WhiteElo "2165"]
[BlackElo "2292"]
[PlyCount "50"]
[EventDate "2009.10.27"]
[EventType "swiss"]
[EventRounds "11"]
[EventCountry "ITA"]
[Source "lmi"]
[SourceDate "2009.10.27"]

1. d4 Nf6 2. c4 g6 3. Nc3 Bg7 4. e4 d6 5. f3 O-O 6. Be3 a6 7. Bd3 c6 8. Nge2 b5
9. cxb5 axb5 10. b4 Nbd7 11. a4 bxa4 12. Nxa4 Ba6 13. O-O Qc7 14. Nac3 Qb7 15.
Bxa6 Rxa6 16. Rb1 Ra3 17. Qc2 Rfa8 18. Bf2 Bh6 19. b5 cxb5 20. Nxb5 Ra2 21. Rb2
Rxb2 22. Qxb2 Bg7 23. Rb1 h5 24. h3 Rb8 25. Nec3 d5 1/2-1/2

[Event "19. Wch 2009 Veteranos"]
[Site "Condino ITA"]
[Date "2009.11.02"]
[Round "6.26"]
[White "Loktiev, Ivan"]
[Black "Barlocco, Carlo"]
[Result "1-0"]
[WhiteElo "2261"]
[BlackElo "2158"]
[PlyCount "118"]
[EventDate "2009.10.27"]
[EventType "swiss"]
[EventRounds "11"]
[EventCountry "ITA"]
[Source "lmi"]
[SourceDate "2009.10.27"]

1. d4 Nf6 2. c4 e6 3. Nc3 b6 4. Nf3 Bb7 5. g3 d5 6. Bg2 dxc4 7. Qa4+ Nbd7 8.
O-O Be7 9. Rd1 O-O 10. Qxc4 Qc8 11. Bf4 c5 12. Rac1 Nd5 13. dxc5 Nxc5 14. b4
Nxc3 15. Qxc3 Na6 16. Qxc8 Raxc8 17. Rd7 Rxc1+ 18. Bxc1 Bxf3 19. Bxf3 Bxb4 20.
Rxa7 Nc5 21. Be3 h6 22. a3 Bc3 23. Rc7 Bb2 24. Bxc5 bxc5 25. a4 Rd8 26. Rxc5
Rd1+ 27. Kg2 Ra1 28. Rc8+ Kh7 29. Bc6 Kg6 30. Be8 Rc1 31. Rb8 Be5 32. Rb5 Bc7
33. h4 Kf6 34. Rb3 Ke7 35. Bb5 f5 36. h5 e5 37. e4 fxe4 38. Re3 Rc2 39. Rxe4
Kf6 40. Rg4 Ba5 41. Rg6+ Kf7 42. Rc6 Rb2 43. Bc4+ Kf8 44. Bd3 Bb6 45. Rc2 Rb4
46. Bb5 Ke7 47. Kf3 Bd4 48. Ke2 Ke6 49. Bc6 Rb3 50. Ra2 Kd6 51. Be4 Ba7 52. a5
Kc5 53. a6 Kd4 54. f3 Kc5 55. Rc2+ Kd6 56. Rc6+ Kd7 57. Rg6 Bd4 58. Rxg7+ Kd6
59. a7 Kc5 1-0

[Event "19. Wch 2009 Veteranos"]
[Site "Condino ITA"]
[Date "2009.11.02"]
[Round "6.27"]
[White "Hvenekilde, Jorgen"]
[Black "Anguera, Maestro Jaime"]
[Result "1/2-1/2"]
[WhiteElo "2163"]
[BlackElo "2235"]
[PlyCount "68"]
[EventDate "2009.10.27"]
[EventType "swiss"]
[EventRounds "11"]
[EventCountry "ITA"]
[Source "lmi"]
[SourceDate "2009.10.27"]

1. d4 d5 2. Nf3 Nf6 3. c4 c6 4. g3 g6 5. Bg2 Bg7 6. O-O O-O 7. Nc3 e6 8. Bf4 h6
9. Qd2 Kh7 10. Rfd1 Nbd7 11. Bd6 Rg8 12. c5 Ne8 13. Bf4 f6 14. e4 Nf8 15. h3 g5
16. Be3 Ng6 17. Re1 Rf8 18. h4 dxe4 19. Nxe4 f5 20. h5 Ne7 21. Nc3 Nf6 22. Qc2
Nxh5 23. Rad1 Kg8 24. Bc1 Nf6 25. b4 Ned5 26. b5 Bd7 27. a4 Re8 28. Bf1 a6 29.
bxa6 bxa6 30. Bc4 Qc7 31. Ne5 Nxc3 32. Qxc3 Nd5 33. Qf3 Bxe5 34. Rxe5 Kg7
1/2-1/2

[Event "19. Wch 2009 Veteranos"]
[Site "Condino ITA"]
[Date "2009.11.02"]
[Round "6.28"]
[White "Sherwin, James T"]
[Black "Thieme, Hans"]
[Result "1-0"]
[WhiteElo "2234"]
[BlackElo "2154"]
[PlyCount "89"]
[EventDate "2009.10.27"]
[EventType "swiss"]
[EventRounds "11"]
[EventCountry "ITA"]
[Source "lmi"]
[SourceDate "2009.10.27"]

1. d4 Nf6 2. c4 e6 3. Nc3 c5 4. d5 exd5 5. cxd5 d6 6. Nf3 g6 7. Qa4+ Nbd7 8.
Bf4 Nh5 9. Bg5 f6 10. Bd2 Kf7 11. g4 Nb6 12. Qe4 Ng7 13. Qf4 h6 14. h4 Bd7 15.
e4 Kg8 16. Be2 Be7 17. h5 g5 18. Qg3 Na4 19. O-O Rb8 20. Nxa4 Bxa4 21. b3 Bd7
22. a4 Ne8 23. Rfc1 Nc7 24. b4 b6 25. Bc3 a6 26. Nd2 Bc8 27. Nc4 b5 28. Na5 Bb7
29. Rd1 c4 30. axb5 axb5 31. f4 Ba8 32. Qf2 Rh7 33. Rf1 Qd7 34. fxg5 fxg5 35.
Qd4 Bf8 36. Qf6 Bg7 37. Qg6 Re8 38. Nc6 Bxc6 39. dxc6 Qe6 40. Rf6 Qe7 41. Raf1
Ne6 42. Rf7 Qd8 43. Rb7 Kh8 44. Rff7 Rg8 45. Qxe6 1-0

[Event "19. Wch 2009 Veteranos"]
[Site "Condino ITA"]
[Date "2009.11.02"]
[Round "6.29"]
[White "Ivanets, Vladimir"]
[Black "Gutzeit, Avraham"]
[Result "0-1"]
[WhiteElo "2231"]
[BlackElo "2140"]
[PlyCount "174"]
[EventDate "2009.10.27"]
[EventType "swiss"]
[EventRounds "11"]
[EventCountry "ITA"]
[Source "lmi"]
[SourceDate "2009.10.27"]

1. b4 e5 2. Bb2 Bxb4 3. Bxe5 Nf6 4. Nf3 Nc6 5. Bb2 O-O 6. c4 d5 7. e3 Bg4 8. a3
Ba5 9. cxd5 Nxd5 10. Bb5 Qd6 11. O-O Qg6 12. Kh1 Qh5 13. Be2 Nce7 14. Ng1 Bxe2
15. Nxe2 c6 16. e4 Bc7 17. h3 Nf6 18. Bxf6 gxf6 19. Nbc3 Kh8 20. Rb1 b6 21. Nd4
Qxd1 22. Rfxd1 Rad8 23. Nf3 Rd3 24. Ne1 Rd7 25. d4 Rfd8 26. Nc2 b5 27. Kg1 f5
28. f3 Bb6 29. Ne2 fxe4 30. fxe4 f5 31. e5 c5 32. Rxb5 cxd4 33. Rd3 Rd5 34.
Rxd5 Rxd5 35. e6 Kg7 36. Kf1 Nc6 37. Nf4 Rc5 38. Ne1 Kf6 39. Rg3 Ne7 40. Rd3
Rc1 41. Ke2 Rc4 42. Nf3 Ra4 43. Nh5+ Kxe6 44. Ng5+ Kd6 45. Nxh7 Ng6 46. Rf3 Ne5
47. Rb3 d3+ 48. Kd1 Be3 49. N7f6 Rc4 50. Rxd3+ Nxd3 51. Ke2 Bg5 52. Kxd3 Ra4
53. Nh7 Rxa3+ 54. Kc4 Be7 55. Kb5 Kc7 56. g3 a6+ 57. Kc4 Kc6 58. h4 Rf3 59. Ng5
Re3 60. Nf7 a5 61. Nh6 Re5 62. Ng7 f4 63. gxf4 Re4+ 64. Kd3 Rxf4 65. h5 Bf8 66.
Nhf5 Bxg7 67. Nxg7 Rh4 68. Kc3 Kb5 69. Nf5 Rxh5 70. Nd4+ Ka4 71. Kb2 Rh2+ 72.
Kc3 Rg2 73. Nc2 Rg4 74. Kb2 Rc4 75. Na3 Rb4+ 76. Ka2 Rb8 77. Nc2 Rb3 78. Nd4
Rd3 79. Nc2 Kb5 80. Kb2 a4 81. Na3+ Kc5 82. Nc2 Rb3+ 83. Ka2 Kc4 84. Na3+ Kc3
85. Nb1+ Kb4 86. Nd2 Re3 87. Nb1 Re2+ 0-1

[Event "19. Wch 2009 Veteranos"]
[Site "Condino ITA"]
[Date "2009.11.02"]
[Round "6.31"]
[White "Toefferl, Heimo"]
[Black "Vogel, Jaap"]
[Result "1/2-1/2"]
[WhiteElo "2121"]
[BlackElo "2213"]
[PlyCount "35"]
[EventDate "2009.10.27"]
[EventType "swiss"]
[EventRounds "11"]
[EventCountry "ITA"]
[Source "lmi"]
[SourceDate "2009.10.27"]

1. d4 e6 2. c4 Nf6 3. Nc3 Bb4 4. e3 O-O 5. Nf3 d6 6. Qc2 Nbd7 7. Be2 e5 8. O-O
c6 9. a3 Bxc3 10. Qxc3 Qe7 11. Re1 Ne4 12. Qc2 f5 13. b3 Ng5 14. Nxg5 Qxg5 15.
f4 Qh6 16. fxe5 dxe5 17. e4 f4 18. d5 1/2-1/2

[Event "19. Wch 2009 Veteranos"]
[Site "Condino ITA"]
[Date "2009.11.02"]
[Round "6.32"]
[White "Zelkind, Eduard"]
[Black "Nordby, Bernt"]
[Result "1/2-1/2"]
[WhiteElo "2205"]
[BlackElo "2137"]
[PlyCount "46"]
[EventDate "2009.10.27"]
[EventType "swiss"]
[EventRounds "11"]
[EventCountry "ITA"]
[Source "lmi"]
[SourceDate "2009.10.27"]

1. e4 e6 2. d4 d5 3. e5 c5 4. c3 Qb6 5. Nf3 Bd7 6. a3 Nh6 7. b4 cxd4 8. Nxd4
Nc6 9. Nxc6 Bxc6 10. Be3 Qc7 11. Bd4 a6 12. Nd2 Nf5 13. Nf3 Bb5 14. Bxb5+ axb5
15. O-O Ra4 16. g4 Ne7 17. Nd2 h5 18. h3 hxg4 19. hxg4 Ng6 20. Qe2 Nf4 21.
Qxb5+ Qd7 22. Qxd7+ Kxd7 23. Rfe1 Be7 1/2-1/2

[Event "19. Wch 2009 Veteranos"]
[Site "Condino ITA"]
[Date "2009.11.02"]
[Round "6.33"]
[White "Feller, Josy"]
[Black "Ozbilen, Hayri"]
[Result "1-0"]
[WhiteElo "2196"]
[BlackElo "2113"]
[PlyCount "67"]
[EventDate "2009.10.27"]
[EventType "swiss"]
[EventRounds "11"]
[EventCountry "ITA"]
[Source "lmi"]
[SourceDate "2009.10.27"]

1. e4 e6 2. Nf3 d5 3. Nc3 dxe4 4. Nxe4 Nf6 5. Nxf6+ Qxf6 6. d4 h6 7. h4 b6 8.
Bg5 Qf5 9. Be3 Bb7 10. Bd3 Be4 11. Bxe4 Qxe4 12. Qe2 Bb4+ 13. c3 Bd6 14. O-O-O
Bf4 15. Nd2 Bxe3 16. fxe3 Qd5 17. c4 Qa5 18. Qf3 c6 19. Rhf1 O-O 20. Kb1 Na6
21. Ne4 f5 22. Nc3 Rac8 23. g4 b5 24. g5 b4 25. Ne2 b3 26. a3 Kf7 27. gxh6 g6
28. Rg1 Rh8 29. h5 Rxh6 30. hxg6+ Kg7 31. Nf4 Kf6 32. Qg2 Rch8 33. Qg5+ Kg7 34.
Qe7+ 1-0

[Event "19. Wch 2009 Veteranos"]
[Site "Condino ITA"]
[Date "2009.11.02"]
[Round "6.34"]
[White "Batakovs, Olegs"]
[Black "Welz, Peter Dr"]
[Result "0-1"]
[WhiteElo "2186"]
[BlackElo "2101"]
[PlyCount "92"]
[EventDate "2009.10.27"]
[EventType "swiss"]
[EventRounds "11"]
[EventCountry "ITA"]
[Source "lmi"]
[SourceDate "2009.10.27"]

1. e4 e6 2. d4 d5 3. Nc3 Bb4 4. e5 c5 5. a3 Bxc3+ 6. bxc3 Qc7 7. Qg4 g6 8. Bd2
Bd7 9. Bd3 c4 10. Be2 Ba4 11. Bd1 Qb6 12. Bc1 Nd7 13. Ne2 O-O-O 14. O-O f5 15.
Qg3 Ne7 16. Ra2 h6 17. Rb2 Qc7 18. Nf4 Nf8 19. h4 Rg8 20. Nh3 Rh8 21. Bd2 Nc6
22. Be2 Qf7 23. f4 Nd7 24. Rfb1 b6 25. Bf3 Rdg8 26. Re1 Nd8 27. Qf2 Qe7 28. Ra2
Nf8 29. Rb1 Nf7 30. Rb4 b5 31. Rb1 Nh7 32. Kf1 g5 33. Bh5 gxh4 34. Bxf7 Qxf7
35. Qxh4 Rg4 36. Qf2 Rhg8 37. Re1 Qh5 38. Re2 Nf8 39. Qf3 Ng6 40. Be1 Nh4 41.
Bxh4 Qxh4 42. Qf2 Rg3 43. Re3 Qg4 44. Rxg3 Qd1+ 45. Qe1 Qxe1+ 46. Kxe1 Rxg3 0-1

[Event "19. Wch 2009 Veteranos"]
[Site "Condino ITA"]
[Date "2009.11.02"]
[Round "6.36"]
[White "Sevenyuk, Alexey"]
[Black "Bondick, Karl-Heinz"]
[Result "0-1"]
[WhiteElo "1900"]
[BlackElo "2171"]
[PlyCount "74"]
[EventDate "2009.10.27"]
[EventType "swiss"]
[EventRounds "11"]
[EventCountry "ITA"]
[Source "lmi"]
[SourceDate "2009.10.27"]

1. e4 e5 2. Nf3 f5 3. Nxe5 Nc6 4. Qh5+ g6 5. Nxg6 Nf6 6. Qh4 Rg8 7. Nxf8 Rg4 8.
Qh6 Rxe4+ 9. Be2 Qe7 10. Nc3 Rxe2+ 11. Nxe2 Nd4 12. O-O Nxe2+ 13. Kh1 Nd4 14.
d3 Qxf8 15. Re1+ Ne6 16. Qf4 Nd5 17. Qd4 Ne7 18. Qh4 Qg7 19. c3 b6 20. Bh6 Qf7
21. d4 Bb7 22. Bg5 Qg7 23. f4 O-O-O 24. Qf2 Rg8 25. Re3 Nxg5 26. fxg5 Nd5 27.
Re5 f4 28. Rae1 d6 29. Re8+ Kd7 30. Rxg8 Qxg8 31. Qf3 Kc8 32. c4 Ne3 33. d5
Qxg5 34. Re2 Qf5 35. Qf2 Nxc4 36. b3 Ne5 37. Qh4 Bxd5 0-1

[Event "19. Wch 2009 Veteranos"]
[Site "Condino ITA"]
[Date "2009.11.02"]
[Round "6.37"]
[White "Boehnisch, Manfred"]
[Black "Stuart, Peter"]
[Result "1-0"]
[WhiteElo "2366"]
[BlackElo "2074"]
[PlyCount "47"]
[EventDate "2009.10.27"]
[EventType "swiss"]
[EventRounds "11"]
[EventCountry "ITA"]
[Source "lmi"]
[SourceDate "2009.10.27"]

1. e4 c5 2. Nf3 e6 3. c3 d5 4. exd5 Qxd5 5. d4 Nf6 6. Na3 Qd8 7. Bf4 Nc6 8.
dxc5 Nd5 9. Bd6 Bxd6 10. cxd6 Qxd6 11. Nb5 Qb8 12. c4 Nf6 13. Nd6+ Ke7 14. c5
Ne8 15. Ng5 Nd8 16. Nge4 Bd7 17. Qd4 f6 18. Bc4 Bc6 19. Nxe8 Rxe8 20. Nd6 Rg8
21. O-O b6 22. Rad1 Nb7 23. Nxb7 Qxb7 24. Qd6+ 1-0

[Event "19. Wch 2009 Veteranos"]
[Site "Condino ITA"]
[Date "2009.11.02"]
[Round "6.39"]
[White "Titz, Heimo"]
[Black "Cernea, Radu"]
[Result "1-0"]
[WhiteElo "2265"]
[BlackElo "2064"]
[PlyCount "93"]
[EventDate "2009.10.27"]
[EventType "swiss"]
[EventRounds "11"]
[EventCountry "ITA"]
[Source "lmi"]
[SourceDate "2009.10.27"]

1. Nf3 Nf6 2. c4 g6 3. Nc3 Bg7 4. e4 d6 5. d4 O-O 6. Be2 e5 7. Be3 Ng4 8. Bg5
f6 9. Bh4 g5 10. Bg3 h5 11. h3 Nh6 12. O-O Nc6 13. d5 Ne7 14. Nd2 h4 15. Bh2
Ng6 16. Bg4 Nxg4 17. hxg4 c6 18. Kh1 Qb6 19. Rb1 Bd7 20. f3 Rfc8 21. Bg1 Qc7
22. b4 Nf4 23. Nb3 Kf7 24. Rc1 Bf8 25. Qd2 cxd5 26. Nxd5 Nxd5 27. exd5 b6 28.
Rfd1 Qd8 29. c5 Ba4 30. cxb6 Bxb3 31. b7 Bxd1 32. bxa8=Q Rxa8 33. Qxd1 a6 34.
Rc6 Qb8 35. Qc2 Bg7 36. Rc7+ Kg8 37. Qc6 Qf8 38. Rd7 Rd8 39. Rxd8 Qxd8 40. Qxa6
f5 41. gxf5 Qf8 42. Qd3 Qf7 43. Qd2 Bf6 44. b5 Bd8 45. Qc2 h3 46. gxh3 Qxd5 47.
Qb3 1-0

[Event "19. Wch 2009 Veteranos"]
[Site "Condino ITA"]
[Date "2009.11.02"]
[Round "6.40"]
[White "Vrhovnik, Damir"]
[Black "Candea, Gheorghe"]
[Result "1-0"]
[WhiteElo "2045"]
[BlackElo "2232"]
[PlyCount "61"]
[EventDate "2009.10.27"]
[EventType "swiss"]
[EventRounds "11"]
[EventCountry "ITA"]
[Source "lmi"]
[SourceDate "2009.10.27"]

1. c4 Nf6 2. g3 g6 3. Bg2 Bg7 4. Nc3 c5 5. e3 Nc6 6. Nge2 O-O 7. d4 cxd4 8.
Nxd4 Ne5 9. b3 d6 10. O-O Rb8 11. f4 Ned7 12. h3 b6 13. Nc6 Qe8 14. Nxb8 Nxb8
15. Bb2 Bd7 16. Qd2 Qc8 17. Kh2 Qc5 18. Nd5 Re8 19. Bd4 Qc8 20. e4 Nc6 21.
Nxf6+ exf6 22. Bb2 f5 23. Bxg7 Kxg7 24. Rae1 fxe4 25. Bxe4 Nd8 26. g4 Qc7 27.
Bd5 Rxe1 28. Rxe1 Nc6 29. Qc3+ Kg8 30. Qf6 Nd8 31. Re7 1-0

[Event "19. Wch 2009 Veteranos"]
[Site "Condino ITA"]
[Date "2009.11.02"]
[Round "6.42"]
[White "Nielsen, Kai Sten"]
[Black "Belokopyt, Boris"]
[Result "0-1"]
[WhiteElo "2162"]
[BlackElo "2050"]
[PlyCount "58"]
[EventDate "2009.10.27"]
[EventType "swiss"]
[EventRounds "11"]
[EventCountry "ITA"]
[Source "lmi"]
[SourceDate "2009.10.27"]

1. d4 Nf6 2. Nf3 g6 3. Bf4 d6 4. h3 Bg7 5. e3 O-O 6. Be2 c5 7. c3 Qb6 8. Qc1
Nc6 9. Nbd2 cxd4 10. exd4 Nh5 11. Nc4 Qc7 12. Bh6 e5 13. Bxg7 Nxg7 14. dxe5
dxe5 15. O-O Be6 16. Ng5 Bf5 17. Ne3 Ne7 18. Nxf5 Nexf5 19. Bf3 Nd6 20. Re1 h6
21. Ne4 Nxe4 22. Bxe4 Kh7 23. Qe3 f5 24. Bd5 e4 25. Rad1 a6 26. f3 exf3 27.
Qxf3 Rab8 28. Re2 Rfd8 29. Rde1 Qc5+ 0-1

[Event "19. Wch 2009 Veteranos"]
[Site "Condino ITA"]
[Date "2009.11.02"]
[Round "6.46"]
[White "Korenevski, Oleg"]
[Black "Ziltener, Werner"]
[Result "0-1"]
[WhiteElo "1941"]
[BlackElo "2127"]
[PlyCount "74"]
[EventDate "2009.10.27"]
[EventType "swiss"]
[EventRounds "11"]
[EventCountry "ITA"]
[Source "lmi"]
[SourceDate "2009.10.27"]

1. d4 d5 2. Nf3 Nf6 3. Bf4 c5 4. c3 Qb6 5. Qb3 e6 6. Qxb6 axb6 7. Bxb8 Rxb8 8.
e3 Ra8 9. Ne5 c4 10. Nd2 b5 11. b4 Bd6 12. f4 Bxe5 13. fxe5 Ng4 14. Ke2 O-O 15.
g3 f6 16. Bh3 Nh6 17. Nf3 Bd7 18. g4 Nf7 19. exf6 gxf6 20. Bg2 Ra3 21. Rhc1
Rfa8 22. Rc2 Nd6 23. Nd2 Be8 24. e4 Bg6 25. Ke3 R3a6 26. Rb2 Re8 27. Rf1 Kg7
28. e5 fxe5 29. dxe5 Nf7 30. Kd4 Rea8 31. Rf2 Rxa2 32. Nf3 Rxb2 33. Rxb2 Ra3
34. Ne1 Nd8 35. Re2 Nc6+ 36. Kc5 Rxc3 37. Kxb5 Nd4+ 0-1

[Event "19. Wch 2009 Veteranos"]
[Site "Condino ITA"]
[Date "2009.11.02"]
[Round "6.48"]
[White "Catania, Duane"]
[Black "Muratoglu, Salih"]
[Result "0-1"]
[WhiteElo "1800"]
[BlackElo "2111"]
[PlyCount "70"]
[EventDate "2009.10.27"]
[EventType "swiss"]
[EventRounds "11"]
[EventCountry "ITA"]
[Source "lmi"]
[SourceDate "2009.10.27"]

1. d4 d5 2. Nf3 Nf6 3. e3 c6 4. Nbd2 Bg4 5. Bd3 Nbd7 6. h3 Bh5 7. g4 Bg6 8. Ne5
e6 9. Nxd7 Nxd7 10. Bxg6 hxg6 11. e4 Qh4 12. e5 f5 13. exf6 gxf6 14. Qe2 O-O-O
15. Nf3 Qh7 16. Bf4 Bg7 17. O-O-O e5 18. dxe5 fxe5 19. Bg3 Rde8 20. Kb1 Bf6 21.
Qd2 Nc5 22. Rdg1 Qc7 23. Qb4 Ne4 24. h4 c5 25. Qe1 Qb6 26. g5 Bg7 27. Qc1 Nc3+
28. Ka1 Ne2 29. Qb1 e4 30. Nd2 Nc3 31. Qc1 Qa5 32. a3 Ne2 33. Nb3 Qa4 34. Qb1
Qxa3+ 35. Qa2 Bxb2+ 0-1

[Event "19. Wch 2009 Veteranos"]
[Site "Condino ITA"]
[Date "2009.11.02"]
[Round "6.50"]
[White "Mueller, Rudolf"]
[Black "Schwertel, Johann"]
[Result "1-0"]
[WhiteElo "2266"]
[BlackElo "1975"]
[PlyCount "67"]
[EventDate "2009.10.27"]
[EventType "swiss"]
[EventRounds "11"]
[EventCountry "ITA"]
[Source "lmi"]
[SourceDate "2009.10.27"]

1. e4 c6 2. d4 d5 3. Nc3 dxe4 4. Nxe4 Bf5 5. Ng3 Be6 6. Nf3 Nf6 7. Bd3 Bg4 8.
c3 e6 9. O-O Nbd7 10. h3 Bxf3 11. Qxf3 Bd6 12. Bg5 h6 13. Bxf6 Nxf6 14. Rfe1
Bc7 15. Rad1 O-O 16. h4 Re8 17. Ne4 Nd5 18. g3 Rb8 19. c4 Nf6 20. Bc2 Nh7 21.
Re2 Nf8 22. Bb3 Bb6 23. d5 exd5 24. cxd5 cxd5 25. Rxd5 Qe7 26. Rdd2 Ne6 27. Nd6
Red8 28. Qd5 Qc7 29. Rxe6 fxe6 30. Qxe6+ Kh8 31. Nf7+ Qxf7 32. Rxd8+ Qf8 33.
Rxf8+ Rxf8 34. Qe2 1-0

[Event "19. Wch 2009 Veteranos"]
[Site "Condino ITA"]
[Date "2009.11.02"]
[Round "6.51"]
[White "Zhelesny, Stanislav"]
[Black "De Laubadere, Philippe"]
[Result "1/2-1/2"]
[WhiteElo "2173"]
[BlackElo "1972"]
[PlyCount "41"]
[EventDate "2009.10.27"]
[EventType "swiss"]
[EventRounds "11"]
[EventCountry "ITA"]
[Source "lmi"]
[SourceDate "2009.10.27"]

1. d4 f5 2. Nf3 Nf6 3. g3 g6 4. Bg2 Bg7 5. c4 d6 6. O-O O-O 7. Nc3 Qe8 8. b3 c6
9. Ba3 Na6 10. Rc1 Rb8 11. Bb2 e5 12. dxe5 dxe5 13. Ba3 Rf7 14. Qc2 e4 15. Ng5
Rd7 16. Rcd1 h6 17. Nh3 Rxd1 18. Rxd1 Be6 19. Nf4 Bf7 20. e3 Rd8 21. Bf1
1/2-1/2